History Quiz

Random History or Year Quiz

Which Month? History Edition Quiz Stats

Quiz Updated May 25, 2012

Also try: Sporcle Museum
Challenge
Share
Tweet
Embed
Score 0/30 Timer 05:00
0 Plays Today
Event Month % Correct
Attack on World Trade Center and Pentagon???
80.3%
Attack on Pearl Harbor???
74.5%
Saint Valentine's Day Massacre???
74.2%
D-Day???
70.4%
Julius Caesar assassinated???
67.3%
John F. Kennedy assassinated???
56.9%
Storming of the Bastille???
55.9%
Armistice Day (1918)???
47.9%
2004 Indian Ocean tsunami???
43.6%
Guy Fawkes failed Gunpowder Plot???
43.4%
Sinking of the Titanic???
42.8%
Neil Armstrong walks on the moon???
40.7%
Bombing of Hiroshima and Nagasaki???
40.5%
Death of Osama bin Laden announced???
37.9%
Hurricane Katrina makes landfall???
35.4%
Event Month % Correct
Death of Princess Diana???
35%
Abraham Lincoln assassinated???
33.9%
Euro banknotes enter circulation???
32.1%
1939 Nazi invasion of Poland???
30.7%
V-E Day???
28.4%
Attacks on London Underground???
27.6%
John Lennon killed???
24.4%
Oklahoma City bombing???
23.2%
2010 Haiti earthquake???
20.9%
Cuban Missile Crisis???
20%
Space Shuttle Challenger disaster???
19.4%
Richard Nixon resigns???
17.6%
Collapse of the Berlin Wall???
16%
Archduke Franz Ferdinand assassinated???
14%
V-J Day (US)???
12.1%

You're not logged in!

Compare scores with friends on all Sporcle quizzes.
Join for Free
OR
Log In

You Might Also Like...

Show Comments

Extras

Top Quizzes Today


Score Distribution

Your Account Isn't Verified!

In order to create a playlist on Sporcle, you need to verify the email address you used during registration. Go to your Sporcle Settings to finish the process.

Report this User

Report this user for behavior that violates our Community Guidelines.

Details: